[Event "Beijing Sportaccord Basque (Women)"]
[Site "Beijing"]
[Date "2014.12.16"]
[Round "2.4"]
[White "Kosteniuk, Alexandra"]
[Black "Dzagnidze, Nana"]
[Result "0-1"]
[WhiteElo "2541"]
[BlackElo "2570"]
[PlyCount "124"]
[EventDate "2014.12.16"]
[EventType "swiss"]
[EventRounds "5"]
[EventCountry "CHN"]
[SourceTitle "CBM 163 Extra"]
[Source "ChessBase"]
[SourceDate "2014.12.23"]
[SourceVersion "1"]
[SourceVersionDate "2014.12.23"]
[SourceQuality "1"]

1. e4 c5 2. Nf3 a6 3. c3 d5 4. exd5 Qxd5 5. d4 e6 6. Bd3 Nf6 7. O-O Nc6 8. Be3
cxd4 9. cxd4 Be7 10. Nc3 Qh5 11. Rc1 O-O 12. Ne4 Nb4 13. Bg5 Nxd3 14. Qxd3 Bd7
15. Ng3 Qg6 16. Qb3 Bc6 17. h4 Bd6 18. Ne5 Bxe5 19. dxe5 Nd5 20. Rfe1 h6 21.
Bd2 f5 22. exf6 Qxf6 23. Ne4 Qxh4 24. Qg3 Qxg3 25. Nxg3 Rfe8 26. Ne4 Re7 27.
Nc5 Kf7 28. Re5 Rc8 29. Rce1 Rce8 30. Ne4 Rd7 31. Nc5 Rd6 32. Ne4 Rdd8 33. Nc5
Nf6 34. Bc3 Rd5 35. Nb3 Rxe5 36. Rxe5 Rd8 37. f3 Rd1+ 38. Kf2 Bd5 39. Nc5 Rc1
40. a3 Rc2+ 41. Kg3 g5 42. Nd3 Nh5+ 43. Kg4 Nf6+ 44. Kg3 Nh5+ 45. Kg4 Kg6 46.
Rxd5 Rxg2+ 47. Kh3 Rg3+ 48. Kh2 exd5 49. Be1 Nf4 50. Bxg3 Nxd3 51. b3 Kf5 52.
Bd6 h5 53. a4 Nc1 54. b4 d4 55. Kg2 Nd3 56. b5 axb5 57. axb5 Nf4+ 58. Kf2 h4
59. Bc7 h3 60. Kg3 d3 61. Ba5 Ke6 62. Bd2 Kd5 0-1

[Event "Beijing Sportaccord Basque (Women)"]
[Site "Beijing"]
[Date "2014.12.16"]
[Round "3.7"]
[White "Kosteniuk, Alexandra"]
[Black "Harika, Dronavalli"]
[Result "1/2-1/2"]
[WhiteElo "2541"]
[BlackElo "2505"]
[PlyCount "123"]
[EventDate "2014.12.16"]
[EventType "swiss"]
[EventRounds "5"]
[EventCountry "CHN"]
[SourceTitle "CBM 163 Extra"]
[Source "ChessBase"]
[SourceDate "2014.12.23"]
[SourceVersion "1"]
[SourceVersionDate "2014.12.23"]
[SourceQuality "1"]

1. e4 e6 2. d4 d5 3. Nd2 Nf6 4. e5 Nfd7 5. Bd3 c5 6. c3 Nc6 7. Ne2 cxd4 8. cxd4
f6 9. Nf4 Nxd4 10. Qh5+ Ke7 11. exf6+ Nxf6 12. Ng6+ hxg6 13. Qxh8 Kf7 14. O-O
e5 15. Nb3 Nxb3 16. axb3 Bf5 17. Bxf5 gxf5 18. Qh3 Ke6 19. Ra4 Bc5 20. Be3 d4
21. Bg5 Qd5 22. Qd3 Bb6 23. Rc4 Ne4 24. Bd2 Rh8 25. Bb4 Nd6 26. Qg3 Kf6 27.
Bxd6 Qxd6 28. h4 g6 29. Rfc1 Qd7 30. Re1 Qe6 31. Qg5+ Kf7 32. Rec1 Qd7 33. Qg3
Kf6 34. Re1 Qd6 35. Qg5+ Kf7 36. g4 Bd8 37. Qd2 Rxh4 38. Qb4 Rxg4+ 39. Kf1 Qd5
40. Rc5 Qh1+ 41. Ke2 Re4+ 42. Kd1 Qf3+ 43. Kc1 Bb6 44. Qc4+ Kf6 45. Rxe4 Bxc5
46. Rh4 Qxf2 47. Rh7 Qe1+ 48. Kc2 Qe4+ 49. Kc1 b6 50. Qf7+ Kg5 51. Qg7 Qe1+ 52.
Kc2 Qe2+ 53. Kb1 Qd3+ 54. Ka2 Qa6+ 55. Kb1 Qd3+ 56. Ka2 Qa6+ 57. Kb1 Qf1+ 58.
Ka2 Qa6+ 59. Kb1 Qd3+ 60. Ka2 Qa6+ 61. Kb1 Qd3+ 62. Ka2 1/2-1/2

[Event "Beijing Sportaccord Basque (Women)"]
[Site "Beijing"]
[Date "2014.12.16"]
[Round "3.8"]
[White "Harika, Dronavalli"]
[Black "Kosteniuk, Alexandra"]
[Result "0-1"]
[WhiteElo "2505"]
[BlackElo "2541"]
[PlyCount "144"]
[EventDate "2014.12.16"]
[EventType "swiss"]
[EventRounds "5"]
[EventCountry "CHN"]
[SourceTitle "CBM 163 Extra"]
[Source "ChessBase"]
[SourceDate "2014.12.23"]
[SourceVersion "1"]
[SourceVersionDate "2014.12.23"]
[SourceQuality "1"]

1. Nf3 Nf6 2. c4 b6 3. g3 Bb7 4. Bg2 e6 5. O-O Be7 6. Re1 O-O 7. d4 d5 8. cxd5
exd5 9. Bf4 c5 10. Nc3 Na6 11. dxc5 Nxc5 12. Be5 Nce4 13. Bd4 Bc5 14. e3 Rc8
15. Rc1 Bb4 16. Qb3 Bxc3 17. Bxc3 Ng4 18. Rc2 Ba6 19. h3 Bd3 20. hxg4 Nc5 21.
Qb4 Bxc2 22. Qd4 Ne6 23. Qe5 Be4 24. Nd4 Qg5 25. Qxg5 Nxg5 26. f3 Bd3 27. Rd1
Bc4 28. Nf5 Rc7 29. Bxg7 Re8 30. Bf6 Ne6 31. b3 Ba6 32. f4 Kf8 33. Bxd5 Be2 34.
Rd2 Bxg4 35. Nd6 Rb8 36. Kf2 Rd7 37. Nc4 Nc5 38. Ke1 Be6 39. Bxe6 Rxd2 40. Nxd2
fxe6 41. Bd4 h5 42. Kf2 Rc8 43. Kf3 Nd3 44. Ke4 Nc1 45. Nc4 Ne2 46. Bf6 Nxg3+
47. Ke5 Rc6 48. e4 Kf7 49. Bg5 b5 50. Na5 Rc5+ 51. Kd4 Rc2 52. Nb7 Rd2+ 53. Ke3
Rxa2 54. Nd8+ Ke8 55. Nxe6 Nf1+ 56. Kf3 Nd2+ 57. Ke3 Nxb3 58. f5 Nd2 59. Nc7+
Kd7 60. Nxb5 Nf1+ 61. Kd4 Ng3 62. Nc3 Rg2 63. Bf6 a5 64. Na4 Nxe4 65. Nb6+ Kc6
66. Kxe4 Kxb6 67. Bd8+ Kb5 68. f6 Rf2 69. Ke5 a4 70. Be7 h4 71. Ke6 h3 72. Bd6
h2 0-1

[Event "Beijing Sportaccord Basque (Women)"]
[Site "Beijing"]
[Date "2014.12.17"]
[Round "4.3"]
[White "Kosteniuk, Alexandra"]
[Black "Koneru, Humpy"]
[Result "0-1"]
[WhiteElo "2541"]
[BlackElo "2581"]
[PlyCount "94"]
[EventDate "2014.12.16"]
[EventType "swiss"]
[EventRounds "5"]
[EventCountry "CHN"]
[SourceTitle "CBM 163 Extra"]
[Source "ChessBase"]
[SourceDate "2014.12.23"]
[SourceVersion "1"]
[SourceVersionDate "2014.12.23"]
[SourceQuality "1"]

1. e4 e5 2. Nf3 Nf6 3. d4 Nxe4 4. Bd3 d5 5. dxe5 Nc5 6. Be2 Be7 7. O-O O-O 8.
Be3 c6 9. c4 dxc4 10. Bxc4 Qxd1 11. Rxd1 a5 12. Nbd2 b5 13. Be2 Na4 14. Bd4 Be6
15. Rac1 Bd8 16. b3 Nb6 17. Bc5 Re8 18. Ne4 N6d7 19. Nd6 Rf8 20. Be3 a4 21. Nd4
axb3 22. axb3 Bd5 23. Bf3 Bxf3 24. Nxf3 Ra3 25. Rc3 Bb6 26. Nf5 Bxe3 27. Ne7+
Kh8 28. Rxe3 Nc5 29. Nd4 Rd8 30. Ree1 g6 31. h4 Rd7 32. Nexc6 Nxc6 33. Nxc6
Rxd1 34. Rxd1 Rxb3 35. Ne7 Nd3 36. Nd5 Nxe5 37. f3 Kg7 38. Re1 Nc6 39. Rc1 Nd4
40. Rc7 Rd3 41. Nf4 Rd1+ 42. Kf2 b4 43. Rd7 b3 44. Ne6+ Kf6 45. Ng5 b2 46. f4
Kf5 47. Kg3 Rd3+ 0-1

[Event "Beijing Sportaccord Basque (Women)"]
[Site "Beijing"]
[Date "2014.12.17"]
[Round "4.4"]
[White "Koneru, Humpy"]
[Black "Kosteniuk, Alexandra"]
[Result "0-1"]
[WhiteElo "2581"]
[BlackElo "2541"]
[PlyCount "102"]
[EventDate "2014.12.16"]
[EventType "swiss"]
[EventRounds "5"]
[EventCountry "CHN"]
[SourceTitle "CBM 163 Extra"]
[Source "ChessBase"]
[SourceDate "2014.12.23"]
[SourceVersion "1"]
[SourceVersionDate "2014.12.23"]
[SourceQuality "1"]

1. d4 Nf6 2. c4 e6 3. Nf3 d5 4. e3 Be7 5. b3 O-O 6. Bd3 b6 7. O-O Bb7 8. Bb2 c5
9. Nbd2 cxd4 10. exd4 Nc6 11. Qe2 Rc8 12. Rac1 Re8 13. Rfd1 Bf8 14. Nf1 g6 15.
Ne3 Bg7 16. a3 Na5 17. Nd2 dxc4 18. bxc4 Nh5 19. Bb1 Nf4 20. Qg4 g5 21. Re1 h5
22. Qd1 Bxd4 23. Bxd4 Qxd4 24. Qc2 f5 25. Nb3 Nxb3 26. Qxb3 Qc5 27. Rcd1 Rcd8
28. Rxd8 Rxd8 29. Rd1 Rxd1+ 30. Qxd1 Qd4 31. Qa4 Qd8 32. Bc2 a5 33. Qb5 Ne2+
34. Kf1 Nd4 35. Qe5 Kf7 36. Bd1 g4 37. h3 Nc6 38. Qf4 Qd3+ 39. Kg1 Ke7 40. Bc2
Qd4 41. Qc7+ Qd7 42. Qxb6 gxh3 43. Ba4 f4 44. Qc5+ Qd6 45. Qg5+ Kd7 46. Nc2
hxg2 47. Qg7+ Kc8 48. Qh8+ Kc7 49. Qg7+ Kb6 50. Qb2+ Ka7 51. Qb5 Qd1+ 0-1

[Event "Beijing Sportaccord Basque (Women)"]
[Site "Beijing"]
[Date "2014.12.17"]
[Round "5.3"]
[White "Zhao, Xue"]
[Black "Kosteniuk, Alexandra"]
[Result "0-1"]
[WhiteElo "2514"]
[BlackElo "2541"]
[PlyCount "128"]
[EventDate "2014.12.16"]
[EventType "swiss"]
[EventRounds "5"]
[EventCountry "CHN"]
[SourceTitle "CBM 163 Extra"]
[Source "ChessBase"]
[SourceDate "2014.12.23"]
[SourceVersion "1"]
[SourceVersionDate "2014.12.23"]
[SourceQuality "1"]

1. Nf3 d5 2. g3 c6 3. Bg2 Bf5 4. d3 Nf6 5. Nh4 Bc8 6. Nf3 Bf5 7. Nbd2 h6 8. O-O
e6 9. Qe1 Be7 10. b3 O-O 11. Bb2 Bh7 12. e4 a5 13. a3 c5 14. e5 Nfd7 15. Qe2
Nc6 16. a4 Nb4 17. Rac1 Nb6 18. Rfd1 c4 19. Ne1 c3 20. Bxc3 Na2 21. Bb2 Nxc1
22. Rxc1 Rc8 23. Ndf3 Nd7 24. Nd4 Nb8 25. Nef3 Nc6 26. Nb5 Qb6 27. Rd1 Nb4 28.
Nfd4 Bc5 29. h4 Nc6 30. Nf3 Nb4 31. Rd2 Rfd8 32. Bh3 d4 33. Kh2 Nc6 34. Rd1 Rd5
35. h5 Bb4 36. Bc1 Be7 37. Bg2 Qc5 38. Ba3 Nb4 39. Nfxd4 Rxd4 40. c3 Rxd3 41.
cxb4 Qc2 42. Qxc2 Rxc2 43. Rxd3 Bxd3 44. bxa5 Bxa3 45. Nxa3 Rxf2 46. Kg1 Ra2
47. Bxb7 Rxa3 48. a6 Bxa6 49. Bxa6 Rxb3 50. Kf2 Ra3 51. Bb5 Kf8 52. Kg2 Ke7 53.
Kf2 f6 54. exf6+ gxf6 55. g4 Kd6 56. Be8 Ke5 57. Bd7 f5 58. gxf5 exf5 59. Bb5
Kf4 60. Kg2 Kg5 61. Be8 Kg4 62. Kf2 Ra2+ 63. Kf1 f4 64. Kg1 Kg3 0-1

[Event "Beijing Sportaccord Basque (Women)"]
[Site "Beijing"]
[Date "2014.12.17"]
[Round "5.4"]
[White "Kosteniuk, Alexandra"]
[Black "Zhao, Xue"]
[Result "1-0"]
[WhiteElo "2541"]
[BlackElo "2514"]
[PlyCount "113"]
[EventDate "2014.12.16"]
[EventType "swiss"]
[EventRounds "5"]
[EventCountry "CHN"]
[SourceTitle "CBM 163 Extra"]
[Source "ChessBase"]
[SourceDate "2014.12.23"]
[SourceVersion "1"]
[SourceVersionDate "2014.12.23"]
[SourceQuality "1"]

1. e4 d5 2. exd5 Qxd5 3. Nc3 Qd6 4. d4 Nf6 5. Nf3 g6 6. Ne5 Bg7 7. Bc4 O-O 8.
O-O a6 9. Bf4 Nh5 10. Ne4 Qd8 11. Be3 Nf6 12. Ng5 e6 13. Qf3 c6 14. Rfe1 Qe7
15. Bd2 Nd5 16. Qh3 Nf6 17. Ba5 h6 18. Ngf3 Nbd7 19. a3 Nxe5 20. Nxe5 Nd5 21.
Ba2 Qg5 22. c4 Nf4 23. Qf3 c5 24. g3 Nh3+ 25. Kg2 cxd4 26. Bc7 f6 27. Nxg6 Qxg6
28. Kxh3 e5+ 29. Kg2 Bg4 30. c5+ Kh8 31. Qxb7 Qh5 32. Bd6 Ra7 33. Qd5 Rd8 34.
f3 Bh3+ 35. Kg1 f5 36. Rxe5 Kh7 37. Re2 Rad7 38. Rae1 Qg5 39. Bb1 h5 40. Qc4
Rxd6 41. cxd6 Rxd6 42. Re8 Bf6 43. Qf7+ Bg7 44. Qg8+ Kh6 45. R8e6+ Rxe6 46.
Rxe6+ Bf6 47. Qxg5+ Kxg5 48. f4+ Kg6 49. Rxa6 Kf7 50. Bd3 Be7 51. b4 Ke8 52.
Rb6 Bd8 53. Rb5 Bg4 54. a4 Ke7 55. a5 Kd6 56. Kf2 Bd1 57. Rxf5 1-0

[Event "World Women-ch k.o."]
[Site "Sochi"]
[Date "2015.03.17"]
[Round "1.1"]
[White "Kosteniuk, Alexandra"]
[Black "Berezina, Irina"]
[Result "1-0"]
[WhiteElo "2529"]
[BlackElo "2182"]
[PlyCount "46"]
[EventDate "2015.03.17"]
[EventType "k.o."]
[EventRounds "6"]
[EventCountry "RUS"]
[SourceTitle "CBM 166"]
[Source "ChessBase"]
[SourceDate "2015.05.11"]
[SourceVersion "1"]
[SourceVersionDate "2015.05.11"]
[SourceQuality "1"]

1. e4 d6 2. d4 Nf6 3. Nc3 g6 4. Be3 Bg7 5. Qd2 O-O 6. Nf3 c6 7. Bh6 Qc7 8. h4
Bxh6 9. Qxh6 Ng4 10. Qd2 e5 11. h5 b5 12. hxg6 fxg6 13. a4 d5 14. axb5 Qg7 15.
dxe5 Nxe5 16. Nxe5 Qxe5 17. O-O-O a6 18. bxc6 dxe4 19. Bc4+ Kh8 20. Nxe4 Ra7
21. f4 Qxf4 22. Qxf4 Rxf4 23. Rd8+ Kg7 1-0

[Event "World Women-ch k.o."]
[Site "Sochi"]
[Date "2015.03.18"]
[Round "1.2"]
[White "Berezina, Irina"]
[Black "Kosteniuk, Alexandra"]
[Result "0-1"]
[WhiteElo "2182"]
[BlackElo "2529"]
[PlyCount "72"]
[EventDate "2015.03.17"]
[EventType "k.o."]
[EventRounds "6"]
[EventCountry "RUS"]
[SourceTitle "CBM 166"]
[Source "ChessBase"]
[SourceDate "2015.05.11"]
[SourceVersion "1"]
[SourceVersionDate "2015.05.11"]
[SourceQuality "1"]

1. d4 Nf6 2. c4 e6 3. g3 d5 4. Nf3 dxc4 5. Bg2 Nc6 6. O-O Rb8 7. Re1 Be7 8. e4
O-O 9. Nc3 b5 10. a3 Na5 11. Bf4 Nb3 12. Rb1 a6 13. Qe2 Bb7 14. Rbd1 Re8 15. h3
Qd7 16. g4 Rbd8 17. g5 Nh5 18. Be3 g6 19. Ne5 Qc8 20. Bf3 Ng7 21. Ng4 c5 22.
dxc5 Qc6 23. Nh6+ Kf8 24. Rxd8 Rxd8 25. h4 Bxc5 26. Bxc5+ Qxc5 27. Bg4 Rd3 28.
Qf1 Nd2 29. Qg2 Nf5 30. Nxf5 exf5 31. Be2 Rd6 32. Bf3 Qe5 33. Rd1 fxe4 34. Bg4
a5 35. Re1 b4 36. axb4 axb4 0-1

[Event "World Women-ch k.o."]
[Site "Sochi"]
[Date "2015.03.21"]
[Round "2.2"]
[White "Kosteniuk, Alexandra"]
[Black "Shen, Yang"]
[Result "1/2-1/2"]
[WhiteElo "2529"]
[BlackElo "2459"]
[PlyCount "65"]
[EventDate "2015.03.17"]
[EventType "k.o."]
[EventRounds "6"]
[EventCountry "RUS"]
[SourceTitle "CBM 166"]
[Source "ChessBase"]
[SourceDate "2015.05.11"]
[SourceVersion "1"]
[SourceVersionDate "2015.05.11"]
[SourceQuality "1"]

1. e4 e5 2. Nf3 Nc6 3. Bb5 a6 4. Ba4 Nf6 5. O-O Be7 6. d3 b5 7. Bb3 d6 8. a3
O-O 9. Nc3 Bg4 10. Be3 Nd4 11. Bxd4 exd4 12. Nd5 c5 13. Nxe7+ Qxe7 14. Re1 Nd7
15. h3 Be6 16. Ba2 Qf6 17. a4 Rfb8 18. axb5 axb5 19. Bxe6 fxe6 20. e5 dxe5 21.
Qe2 Rxa1 22. Rxa1 Qf4 23. Ra7 Rd8 24. b3 h6 25. Qe1 b4 26. Qe2 Kh8 27. Rxd7
Rxd7 28. Nxe5 Qc1+ 29. Kh2 Ra7 30. Ng6+ Kh7 31. Qxe6 Qg5 32. Nf8+ Kh8 33. Ng6+
1/2-1/2

[Event "World Women-ch k.o."]
[Site "Sochi"]
[Date "2015.03.23"]
[Round "3.1"]
[White "Kosteniuk, Alexandra"]
[Black "Harika, Dronavalli"]
[Result "0-1"]
[WhiteElo "2529"]
[BlackElo "2492"]
[PlyCount "108"]
[EventDate "2015.03.17"]
[EventType "k.o."]
[EventRounds "6"]
[EventCountry "RUS"]
[SourceTitle "CBM 166"]
[Source "ChessBase"]
[SourceDate "2015.05.11"]
[SourceVersion "1"]
[SourceVersionDate "2015.05.11"]
[SourceQuality "1"]

1. e4 e6 2. d4 d5 3. Nc3 Bb4 4. e5 c5 5. a3 Bxc3+ 6. bxc3 Ne7 7. h4 Qa5 8. Bd2
Qa4 9. h5 b6 10. h6 gxh6 11. Nf3 Ba6 12. Rh4 Bxf1 13. Kxf1 Nbc6 14. dxc5 Qb5+
15. c4 dxc4 16. Qe2 Ng6 17. Re4 bxc5 18. Bxh6 Rd8 19. Qxc4 a6 20. Qxb5 axb5 21.
Rb1 b4 22. Rc4 bxa3 23. Rxc5 Nge7 24. Ra1 Ra8 25. Nd2 Kd7 26. Nc4 Nd5 27. Rb5
Nd4 28. Rxd5+ exd5 29. Nb6+ Ke6 30. Nxa8 Rxa8 31. c3 Nc6 32. Bc1 a2 33. Ke2
Nxe5 34. Kd2 h5 35. Kc2 Kf5 36. Kb3 Nd3 37. Ba3 Nxf2 38. Rxa2 Ne4 39. Re2 Kg4
40. c4 dxc4+ 41. Kxc4 Rxa3 42. Rxe4+ Kg3 43. Re5 h4 44. Rg5+ Kh2 45. Rg7 Rg3
46. Rxf7 Kxg2 47. Rd7 Rg4+ 48. Kc3 h3 49. Rd2+ Kg3 50. Rd3+ Kh4 51. Rd2 Rg3+
52. Kc4 Rg2 53. Rd8 h2 54. Kd3 Rg5 0-1

[Event "World Women-ch k.o."]
[Site "Sochi"]
[Date "2015.03.24"]
[Round "3.2"]
[White "Harika, Dronavalli"]
[Black "Kosteniuk, Alexandra"]
[Result "0-1"]
[WhiteElo "2492"]
[BlackElo "2529"]
[Annotator "Havasi,G"]
[PlyCount "102"]
[EventDate "2015.03.17"]
[EventType "k.o."]
[EventRounds "6"]
[EventCountry "RUS"]
[SourceTitle "CBM 166"]
[Source "ChessBase"]
[SourceDate "2015.05.11"]
[SourceVersion "1"]
[SourceVersionDate "2015.05.11"]
[SourceQuality "1"]

1. d4 Nf6 2. Nf3 e6 3. c4 Nc6 $5 4. a3 $5 {White avoids the transposition to
the Nimzo.} (4. Nc3 Bb4 {transposes to the Nimzo-Indian.}) 4... d6 {Black
wants a fighting game if she plays this setup.} ({The less demanding setup} 
4... d5 5. Nc3 {is another plan for Black.}) 5. Nc3 g6 (5... Be7 {is another
move, when White can choose between e4 or g3.}) 6. g3 (6. e4 {would be the
most principled move} Bg7 7. Be2 O-O 8. O-O {, when White may be slightly
better.}) 6... Bg7 7. Bg2 O-O 8. O-O Re8 {This position is a very important
one for the future of the game. White can choose between different moves.} 9.
e4 (9. Be3 $142 {seems the best to me, closing the B's diagonal with e4 isn't
natural} a6 10. Rc1 $14) (9. e3 $142 {is also good} Na5 10. Nd2 c5 11. dxc5
dxc5 12. Qc2 $14) 9... e5 10. dxe5 Nxe5 11. Nxe5 Rxe5 (11... dxe5 12. Qxd8 Rxd8
13. Nd5 $14) 12. Be3 a5 $2 (12... Re8 $142 $13 {Black reorganises the pieces.})
13. Bd4 (13. c5 $1 $16) 13... Re8 14. h3 Be6 {Now Black is OK.} 15. Nd5 $2 (15.
b3 $142 $13) 15... a4 (15... Bxd5 $1 {would be a very good solution for Black}
16. exd5 Nd7 17. Bxg7 Kxg7 $15 {the g2 B is bad.}) 16. Nxf6+ (16. Re1 {is
better} Bxd5 17. cxd5 Nd7 $13) 16... Bxf6 17. Rc1 Ra5 $1 {Black activates the
R.} 18. f4 b6 {Stabilising the R. Black's plan is Bxd4 followed by Rc5.} 19.
Rf2 h5 (19... Bxd4 20. Qxd4 Rc5 $15) 20. Rc3 (20. Be3 $1 {would be a very
strong move. This B is important for the control of the c5-square.}) 20... Bxd4
21. Qxd4 Rc5 22. Kh2 Qd7 (22... Bc8 {is better immediately.}) 23. Bf1 Qe7 {
Black improves, prepares Bc8.} 24. Rcf3 Bc8 25. Bd3 Ba6 (25... Bb7 26. Re3 f6 {
is slightly better for Black.}) 26. f5 (26. Re2 {it is hard to make progress
for Black} Qe6 27. Rc2 Bc8 28. h4 $11) 26... g5 27. f6 {This was White's plan,
but this P may be weak.} Qe5 $1 28. Qe3 Bb7 $1 29. h4 $1 Re6 $1 (29... Qe6 $1 {
is also very strong} 30. hxg5 Bxe4) 30. hxg5 $2 (30. Rf5 $1 {was better} Qxf5
31. Rxf5 Rxf5 32. hxg5 $13) 30... Bxe4 31. Rf4 Bxd3 32. Qxd3 Qxg5 $17 33. Qf3
Rce5 (33... Kh7 $17) 34. Qg2 Re1 35. Rf5 Qg4 (35... Qg6 $17) 36. R5f4 Qg6 37.
Rf5 Re8 38. Qh3 R8e2 39. Qg2 Rxb2 $1 40. Rxb2 Qxf5 41. Re2 Rf1 42. Qa8+ Kh7 43.
Qxa4 Qxf6 44. Qc2+ Kg7 45. Qd2 h4 46. Rg2 Kf8 47. Qd5 hxg3+ 48. Rxg3 Qh4+ 49.
Rh3 Qf4+ 50. Rg3 Rf2+ 51. Kh3 Qh6+ 0-1

[Event "WchT (Women) 5th"]
[Site "Chengdu"]
[Date "2015.04.19"]
[Round "1.4"]
[White "Kosteniuk, Alexandra"]
[Black "Javakhishvili, Lela"]
[Result "1/2-1/2"]
[WhiteElo "2529"]
[BlackElo "2481"]
[PlyCount "202"]
[EventDate "2015.04.19"]
[EventType "team-tourn"]
[EventRounds "9"]
[EventCountry "CHN"]
[SourceTitle "CBM 166 Extra"]
[Source "ChessBase"]
[SourceDate "2015.06.18"]
[SourceVersion "1"]
[SourceVersionDate "2015.06.18"]
[SourceQuality "1"]
[WhiteTeam "Russia (W)"]
[BlackTeam "Georgia (W)"]
[WhiteTeamCountry "RUS"]
[BlackTeamCountry "GEO"]

1. e4 c5 2. Nf3 e6 3. d4 cxd4 4. Nxd4 Nc6 5. Nc3 Qc7 6. Be2 a6 7. O-O Nf6 8.
Be3 Be7 9. f4 d6 10. Qe1 O-O 11. Qg3 d5 12. Nxc6 Qxc6 13. e5 Ne4 14. Nxe4 dxe4
15. c4 b5 16. Rac1 bxc4 17. Bxc4 Qb7 18. Rc3 Bd7 19. Rb3 Bb5 20. a4 Qc6 21.
Bxb5 axb5 22. Rc1 Qd7 23. axb5 Qd5 24. Bf2 Rfc8 25. Rbc3 Rxc3 26. Qxc3 Qxb5 27.
h3 h5 28. Qd4 Ra4 29. Rc8+ Kh7 30. Qd1 g6 31. Rc7 Bf8 32. Rxf7+ Kg8 33. Rc7 Ra2
34. Bd4 Rxb2 35. Bxb2 Qb6+ 36. Qd4 Qxc7 37. Qxe4 Kf7 38. Kh2 Be7 39. Qd3 Qb7
40. Ba3 Bxa3 41. Qxa3 Qe4 42. Qa7+ Kg8 43. Qf2 Kh7 44. Kg3 g5 45. Qf3 h4+ 46.
Kf2 Qc2+ 47. Qe2 Qc5+ 48. Kf3 Kh6 49. fxg5+ Kxg5 50. Qd2+ Kh5 51. Qf4 Qc3+ 52.
Kf2 Qc5+ 53. Kf1 Qb5+ 54. Kg1 Qb1+ 55. Kh2 Qe1 56. Qg4+ Kh6 57. Qxe6+ Kg7 58.
Qf6+ Kg8 59. Qf4 Kg7 60. e6 Kg6 61. Qf7+ Kg5 62. Qg7+ Kh5 63. Qg4+ Kh6 64. Qf4+
Kg6 65. Qd6 Kf6 66. Qd8+ Kg6 67. Qd3+ Kg7 68. Qd4+ Kh6 69. Qd6 Kg7 70. Qd4+ Kh6
71. Qc4 Qg3+ 72. Kg1 Qe1+ 73. Qf1 Qxe6 74. Qf4+ Kh5 75. Kf2 Qa2+ 76. Kf3 Qd5+
77. Qe4 Qf7+ 78. Ke3 Qg7 79. Qf5+ Kh6 80. Qf4+ Kh5 81. Qf3+ Kh6 82. Qc6+ Kg5
83. Qb5+ Kh6 84. Qb6+ Kh5 85. Qa5+ Kh6 86. Qd5 Qg3+ 87. Ke2 Qg7 88. Qe4 Qf6 89.
Ke3 Qc3+ 90. Ke2 Qf6 91. Ke3 Qc3+ 92. Kf4 Qf6+ 93. Qf5 Qd4+ 94. Kf3 Qc3+ 95.
Kf2 Qd2+ 96. Kf3 Qc3+ 97. Ke4 Qe1+ 98. Kd5 Qd2+ 99. Ke5 Qxg2 100. Qf6+ Qg6 101.
Qxh4+ Qh5+ 1/2-1/2

[Event "WchT (Women) 5th"]
[Site "Chengdu"]
[Date "2015.04.21"]
[Round "3.5"]
[White "Ju, Wenjun"]
[Black "Kosteniuk, Alexandra"]
[Result "0-1"]
[WhiteElo "2557"]
[BlackElo "2529"]
[PlyCount "74"]
[EventDate "2015.04.19"]
[EventType "team-tourn"]
[EventRounds "9"]
[EventCountry "CHN"]
[SourceTitle "CBM 166 Extra"]
[Source "ChessBase"]
[SourceDate "2015.06.18"]
[SourceVersion "1"]
[SourceVersionDate "2015.06.18"]
[SourceQuality "1"]
[WhiteTeam "China (W)"]
[BlackTeam "Russia (W)"]
[WhiteTeamCountry "CHN"]
[BlackTeamCountry "RUS"]

1. c4 Nf6 2. Nc3 e5 3. Nf3 Nc6 4. e4 Bc5 5. Nxe5 Nxe5 6. d4 Bb4 7. dxe5 Nxe4 8.
Qf3 Nxc3 9. bxc3 Ba5 10. Be2 d6 11. O-O dxe5 12. Ba3 Qf6 13. Qe3 c6 14. Bf3 Bb6
15. Qe2 Be6 16. Rab1 Qf4 17. g3 Qxc4 18. Qxe5 O-O-O 19. Qxg7 Qxa2 20. Ra1 Bxf2+
21. Kh1 Qc2 22. Qf6 Bb6 23. Be7 Rde8 24. Bd6 h5 25. Rae1 Qf5 26. Qxf5 Bxf5 27.
Rxe8+ Rxe8 28. Bxc6 Bd3 29. Rf3 Re1+ 30. Kg2 Bc4 31. Rf4 Rg1+ 32. Kh3 Be6+ 33.
Kh4 bxc6 34. Kxh5 Rd1 35. Be7 Rd5+ 36. Kh4 Rd2 37. h3 Rh2 0-1

[Event "WchT (Women) 5th"]
[Site "Chengdu"]
[Date "2015.04.23"]
[Round "5.5"]
[White "Wafa, Shahenda"]
[Black "Kosteniuk, Alexandra"]
[Result "0-1"]
[WhiteElo "2123"]
[BlackElo "2529"]
[PlyCount "96"]
[EventDate "2015.04.19"]
[EventType "team-tourn"]
[EventRounds "9"]
[EventCountry "CHN"]
[SourceTitle "CBM 166 Extra"]
[Source "ChessBase"]
[SourceDate "2015.06.18"]
[SourceVersion "1"]
[SourceVersionDate "2015.06.18"]
[SourceQuality "1"]
[WhiteTeam "Egypt (W)"]
[BlackTeam "Russia (W)"]
[WhiteTeamCountry "EGY"]
[BlackTeamCountry "RUS"]

1. e4 e5 2. Nf3 Nc6 3. Bb5 a6 4. Ba4 Nf6 5. d4 exd4 6. O-O Be7 7. Re1 b5 8. Bb3
d6 9. Bd5 Nxd5 10. exd5 Ne5 11. Nxd4 O-O 12. Bf4 Bg4 13. f3 Bd7 14. Nd2 Ng6 15.
Bg3 Qb8 16. c3 a5 17. b3 Bf6 18. Ne4 Be5 19. Qd2 Qb6 20. Bf2 Qb7 21. c4 bxc4
22. bxc4 Qb4 23. Qc2 Ba4 24. Qc1 Bf4 25. a3 Qb7 26. Qc3 Be5 27. g3 f5 28. Ng5
c5 29. dxc6 Bxc6 30. Rab1 Qd7 31. Qd3 Bxd4 32. Bxd4 Rae8 33. Bc3 h6 34. Rxe8
Rxe8 35. Nh3 Qa7+ 36. Nf2 Kh7 37. Bd4 Qf7 38. Rd1 Rb8 39. Re1 a4 40. Re3 Rb3
41. Qe2 Rb1+ 42. Kg2 Nh4+ 43. gxh4 Qg6+ 44. Kh3 Rg1 45. Ng4 fxg4+ 46. fxg4 Bg2+
47. Qxg2 Rxg2 48. Kxg2 Qxg4+ 0-1

[Event "WchT (Women) 5th"]
[Site "Chengdu"]
[Date "2015.04.26"]
[Round "7.4"]
[White "Saduakassova, Dinara"]
[Black "Kosteniuk, Alexandra"]
[Result "1-0"]
[WhiteElo "2398"]
[BlackElo "2529"]
[PlyCount "119"]
[EventDate "2015.04.19"]
[EventType "team-tourn"]
[EventRounds "9"]
[EventCountry "CHN"]
[SourceTitle "CBM 166 Extra"]
[Source "ChessBase"]
[SourceDate "2015.06.18"]
[SourceVersion "1"]
[SourceVersionDate "2015.06.18"]
[SourceQuality "1"]
[WhiteTeam "Kazakhstan (W)"]
[BlackTeam "Russia (W)"]
[WhiteTeamCountry "KAZ"]
[BlackTeamCountry "RUS"]

1. Nf3 Nf6 2. c4 b6 3. g3 Bb7 4. Bg2 e6 5. O-O Be7 6. d4 O-O 7. Nc3 Ne4 8. Bd2
d6 9. d5 Nxc3 10. Bxc3 e5 11. b4 Nd7 12. Nd2 f5 13. Qc2 Qe8 14. Nb3 Qh5 15. Bf3
Qg6 16. a4 Nf6 17. a5 Rab8 18. axb6 axb6 19. Ra7 Bd8 20. Bb2 Bc8 21. Bg2 Qh6
22. e3 Ng4 23. h3 Nf6 24. Bc1 Qh5 25. Qd1 Qg6 26. Qc2 Bd7 27. Bd2 Ne4 28. Be1
Qh5 29. Nd2 Ng5 30. h4 Nf7 31. Bh3 Bc8 32. Kg2 Nh8 33. e4 f4 34. Bxc8 Rxc8 35.
Qd3 Qg6 36. Nf3 Qg4 37. Nh2 f3+ 38. Qxf3 Rxf3 39. Nxg4 Rd3 40. Ne3 Ng6 41. Kf3
h5 42. Ke2 Rb3 43. Kd1 b5 44. cxb5 Nf8 45. Kc2 Rxe3 46. fxe3 Nd7 47. b6 Nxb6
48. Kd3 Rb8 49. Bd2 Nc8 50. Ra6 Nb6 51. Rfa1 Kf7 52. Ra7 Ke8 53. Bc3 Kd7 54.
Rf1 Bf6 55. Rf5 Rh8 56. b5 Nc8 57. Rb7 Ne7 58. b6 Kc8 59. Rxc7+ Kb8 60. Rxf6
1-0